Depeche Mode Countries #2 - Statistics

General Stats
  • This quiz has been taken 398 times
  • The average score is 22 of 24
Answer Stats
Answer % Correct
UK
99%
France
98%
Germany
98%
Spain
98%
Sweden
98%
Canada
96%
Italy
96%
Norway
96%
USA
96%
Ireland
95%
Austria
94%
Belgium
94%
Denmark
94%
Netherlands
94%
Poland
94%
Portugal
93%
Czechia
91%
Mexico
91%
Switzerland
91%
Hungary
90%
Slovakia
86%
Croatia
83%
Estonia
83%
Romania
82%
No matching quizzes found
Score Distribution
Percent of People with Each Score
Percentile by Number Answered
Your Score History
You have not taken this quiz